Depeche Mode Albums Tile Select - Statistics

General Stats
  • This quiz has been taken 115 times
  • The average score is 38 of 45
Answer Stats
Question Tile Select % Correct
the following songs that are on Some Great Reward (1984). World Full of Nothing No
97%
the following songs that are on Violator (1990). I Want You Now No
95%
the following songs that are on Violator (1990). Personal Jesus Yes
94%
the following songs that are on Violator (1990). The Things You Said No
94%
the following songs that are on Violator (1990). World in My Eyes Yes
94%
the following songs that are on Violator (1990). Policy of Truth Yes
93%
the following songs that are on Black Celebration (1986). Stories of Old No
93%
the following songs that are on Music for the Masses (1987). Clean No
92%
the following songs that are on Violator (1990). Enjoy the Silence Yes
92%
the following songs that are on Some Great Reward (1984). Here is the House No
92%
the following songs that are on Music for the Masses (1987). Judas No
92%
the following songs that are on Music for the Masses (1987). Blue Dress No
91%
the following songs that are on Black Celebration (1986). If You Want No
91%
the following songs that are on Some Great Reward (1984). People Are People Yes
91%
the following songs that are on Black Celebration (1986). A Question of Time Yes
90%
the following songs that are on Music for the Masses (1987). Strangelove Yes
90%
the following songs that are on Black Celebration (1986). A Question of Lust Yes
89%
the following songs that are on Some Great Reward (1984). It's Called a Heart No
89%
the following songs that are on Black Celebration (1986). Stripped Yes
89%
the following songs that are on Music for the Masses (1987). One Caress No
88%
the following songs that are on Some Great Reward (1984). Shake the Disease No
88%
the following songs that are on Songs of Faith and Devotion (1993). The Bottom Line No
88%
the following songs that are on Music for the Masses (1987). Behind the Wheel Yes
87%
the following songs that are on Songs of Faith and Devotion (1993). In Your Room Yes
87%
the following songs that are on Some Great Reward (1984). Master and Servant Yes
87%
the following songs that are on Black Celebration (1986). Something to Do No
86%
the following songs that are on Violator (1990). Walking in My Shoes No
85%
the following songs that are on Music for the Masses (1987). Little 15 Yes
82%
the following songs that are on Songs of Faith and Devotion (1993). Sweetest Perfection No
82%
the following songs that are on Violator (1990). Halo Yes
81%
the following songs that are on Songs of Faith and Devotion (1993). I Feel You Yes
81%
the following songs that are on Black Celebration (1986). Blasphemous Rumours No
80%
the following songs that are on Some Great Reward (1984). Lie to Me Yes
80%
the following songs that are on Songs of Faith and Devotion (1993). Useless No
80%
the following songs that are on Songs of Faith and Devotion (1993). Barrel of a Gun No
79%
the following songs that are on Some Great Reward (1984). Somebody Yes
78%
the following songs that are on Violator (1990). Waiting for the Night Yes
78%
the following songs that are on Music for the Masses (1987). Sacred Yes
77%
the following songs that are on Songs of Faith and Devotion (1993). Condemnation Yes
76%
the following songs that are on Songs of Faith and Devotion (1993). It's No Good No
76%
the following songs that are on Songs of Faith and Devotion (1993). Mercy in You Yes
72%
the following songs that are on Music for the Masses (1987). To Have and to Hold Yes
71%
the following songs that are on Black Celebration (1986). New Dress Yes
70%
the following songs that are on Some Great Reward (1984). It Doesn't Matter Yes
68%
the following songs that are on Black Celebration (1986). Sometimes Yes
53%
No matching quizzes found
Score Distribution
Percent of People with Each Score
Percentile by Number Answered
Your Score History
You have not taken this quiz